بعيداً عن اليسار و اليمين - مستقبل السياسات الراديكالية / (Record no. 90485)

MARC details
000 -LEADER
fixed length control field 00786nam a22002057a 4500
005 - DATE AND TIME OF LATEST TRANSACTION
control field 20251108172852.0
008 - FIXED-LENGTH DATA ELEMENTS--GENERAL INFORMATION
fixed length control field 250721s2002 xx 000 0 ara d
082 14 - DEWEY DECIMAL CLASSIFICATION NUMBER
Classification number 327.11/جيد
100 1# - MAIN ENTRY--PERSONAL NAME
Personal name جيدنز، أنطوني
245 10 - TITLE STATEMENT
Title بعيداً عن اليسار و اليمين - مستقبل السياسات الراديكالية /
264 1# - PRODUCTION, PUBLICATION, DISTRIBUTION, MANUFACTURE, AND COPYRIGHT NOTICE
Place of production, publication, distribution, manufacture الكويت :
Name of producer, publisher, distributor, manufacturer عالم المعرفة،
Date of production, publication, distribution, manufacture, or copyright notice 2002.
300 ## - PHYSICAL DESCRIPTION
Extent 323 ص
490 0# - SERIES STATEMENT
Series statement عالم المعرفة سلسلة شهرية يصدرها المجلس الوطني و الفنون و الأدب
Volume/sequential designation 286
650 17 - SUBJECT ADDED ENTRY--TOPICAL TERM
Topical term or geographic name as entry element السياسة الدولية
650 17 - SUBJECT ADDED ENTRY--TOPICAL TERM
Topical term or geographic name as entry element العلاقات الدولية
650 17 - SUBJECT ADDED ENTRY--TOPICAL TERM
Topical term or geographic name as entry element المذاهب السياسية
700 1# - ADDED ENTRY--PERSONAL NAME
Personal name جلال، شوقي
Relator term tran.
942 ## - ADDED ENTRY ELEMENTS (KOHA)
Source of classification or shelving scheme Dewey Decimal Classification
Koha item type Books
Holdings
حالة السحب حالة الفقدان مصدر التصنيف حالة التلف غير قابل للإعارة المكتبة الرئيسية المكتبة الحالية موقع الرف تاريخ التزويد الرقم المتسلسل Total Checkouts رقم الإستدعاء الباركود تاريخ آخر ظهور تاريخ الفاتورة نوع المادة (كوها)
    Dewey Decimal Classification     مكتبة أبو علندا العامة مكتبة أبو علندا العامة الإعارة 28/07/2025 616640   327.11/جيد 616640 28/07/2025 28/07/2025 Books
    Dewey Decimal Classification     مكتبة أم قصير والمقابلين العامة مكتبة أم قصير والمقابلين العامة الإعارة 28/07/2025 616639   327.11/جيد 616639 28/07/2025 28/07/2025 Books
    Dewey Decimal Classification     مكتبة الأميرة ايمان العامة مكتبة الأميرة ايمان العامة الإعارة 28/07/2025 616631   327.11/جيد 616631 28/07/2025 28/07/2025 Books
    Dewey Decimal Classification     مكتبة الاميرة بديعة مكتبة الاميرة بديعة الإعارة 28/07/2025 616634   327.11/جيد 616634 28/07/2025 28/07/2025 Books
    Dewey Decimal Classification     مكتبة الجويدة مكتبة الجويدة الإعارة 28/07/2025 616635   327.11/جيد 616635 28/07/2025 28/07/2025 Books
    Dewey Decimal Classification     مكتبة الحسن العامة مكتبة الحسن العامة الإعارة 28/07/2025 616636   327.11/جيد 616636 28/07/2025 28/07/2025 Books
    Dewey Decimal Classification     مكتبة النصر العامة مكتبة النصر العامة الإعارة 28/07/2025 616642   327.11/جيد 616642 28/07/2025 28/07/2025 Books
    Dewey Decimal Classification     مكتبة حمزة العامة مكتبة حمزة العامة الإعارة 28/07/2025 616637   327.11/جيد 616637 28/07/2025 28/07/2025 Books
    Dewey Decimal Classification     مكتبة صويلح العامة مكتبة صويلح العامة الإعارة 28/07/2025 616632   327.11/جيد 616632 28/07/2025 28/07/2025 Books
    Dewey Decimal Classification   Not For Loan مكتبة منتدى الرواد مكتبة منتدى الرواد لا يعار 29/01/2012 1508010   327.11/جيد PLD00237990 28/07/2025 29/01/2012 Books
    Dewey Decimal Classification     مكتبة وادي السير العامة مكتبة وادي السير العامة الإعارة 28/07/2025 616641   327.11/جيد 616641 28/07/2025 28/07/2025 Books
Implemented & Customized by: BBB with SCIT (Smart Chains for Information Technology)

Powered by Koha